GETS Theological Seminary Library

沙塵上的手跡: (Record no. 11459)

MARC details
000 -LEADER
fixed length control field 01596nam a2200289Ia 4500
003 - CONTROL NUMBER IDENTIFIER
control field OSt
005 - DATE AND TIME OF LATEST TRANSACTION
control field 20250331150739.0
008 - FIXED-LENGTH DATA ELEMENTS--GENERAL INFORMATION
fixed length control field 200815s9999||||xx |||||||||||||| ||und||
020 ## - INTERNATIONAL STANDARD BOOK NUMBER
International Standard Book Number 957587790X
020 ## - INTERNATIONAL STANDARD BOOK NUMBER
International Standard Book Number 9789575877903
040 ## - CATALOGING SOURCE
Transcribing agency 0
041 ## - LANGUAGE CODE
Language code of text/sound track or separate title chi
Language code of original eng
050 ## - LIBRARY OF CONGRESS CALL NUMBER
Classification number BT709.5
Item number .C37 2003
100 ## - MAIN ENTRY--PERSONAL NAME
Personal name Card, Michael
245 #0 - TITLE STATEMENT
Title 沙塵上的手跡:
Remainder of title 與耶穌一起發揮創意 = Scribbling in the sand /
Statement of responsibility, etc. 卡爾德 (Michael Card) 著; 徐成德譯
246 ## - VARYING FORM OF TITLE
Title proper/short title 沙尘上的手迹 :
Remainder of title 与耶稣一起发挥创意
260 ## - PUBLICATION, DISTRIBUTION, ETC.
Place of publication, distribution, etc. 台北:
Name of publisher, distributor, etc. 校園書房,
Date of publication, distribution, etc. 2003
300 ## - PHYSICAL DESCRIPTION
Extent 220 p.
Other physical details ;
Dimensions 22 cm.
500 ## - GENERAL NOTE
General note Translation of: Scribbling in the sand.
505 ## - FORMATTED CONTENTS NOTE
Formatted contents note 談論什麼是「創意」、「藝術」的書不勝枚舉,但從一個特別基督徒的觀點來寫這方面議題的書少之又少。卡爾德是彌補這個缺憾的不二人選。他是個演唱家、作曲作詞者,以及勤讀聖經的學生。<br/><br/>在本書中,他從聖經中的基礎,探索什麼是真正的創作力。不論我們認為是否自己有創作力,我們都是按照那位創造主的形像所造,因此,創作力是表達基督門徒身分很重要的一部分。卡爾德以耶穌作為典範,告訴讀者,認識神有創意的想像力,其實能引導我們活出真正謙卑、順服的僕人樣式,他邀請我們藉著敬拜以及與人相交的關係,追隨上帝有創意的呼召。
650 ## - SUBJECT ADDED ENTRY--TOPICAL TERM
Topical term or geographic name entry element Christianity.
650 ## - SUBJECT ADDED ENTRY--TOPICAL TERM
Topical term or geographic name entry element Creative ability.
650 ## - SUBJECT ADDED ENTRY--TOPICAL TERM
Topical term or geographic name entry element Religious aspects.
700 ## - ADDED ENTRY--PERSONAL NAME
Personal name 卡爾德
700 ## - ADDED ENTRY--PERSONAL NAME
Personal name 徐成德
942 ## - ADDED ENTRY ELEMENTS (KOHA)
Source of classification or shelving scheme
Koha item type Chinese Book
Holdings
Withdrawn status Lost status Damaged status Not for loan Home library Current library Shelving location Date acquired Total Checkouts Full call number Barcode Date last seen Price effective from Koha item type
        GETS Theological Seminary Library GETS Theological Seminary Library General Stacks 08/15/2020   BT709.5 .C37 2003 00002313 08/15/2020 08/15/2020 Chinese Book
OpacCredits

Contact the Librarian, GETS Library
Email: library@mygets.org









Implemented by GETS Library
(Powered by ETCA Professional Group)
GETS Theological Seminary
412 E. Rowland Street, CA 91723